[Event "CZE-chT2B 2223"]
[Site "Czech Republic"]
[Date "2023.02.19"]
[Round "9.5"]
[White "Znamenacek, Kvetoslav"]
[Black "Chaloupka, Frantisek"]
[Result "1-0"]
[WhiteElo "2144"]
[BlackElo "1991"]
[PlyCount "37"]
[EventDate "2022.10.16"]
[EventType "team-tourn"]
[EventRounds "11"]
[EventCountry "CZE"]
[SourceTitle "EXT 2024"]
[Source "ChessBase"]
[SourceDate "2023.10.10"]
[SourceVersion "1"]
[SourceVersionDate "2023.10.10"]
[SourceQuality "1"]
[WhiteTeam "Bohemians"]
[BlackTeam "Litomerice III"]
[WhiteTeamCountry "CZE"]
[BlackTeamCountry "CZE"]

1. Nf3 Nf6 2. c4 g6 3. g3 Bg7 4. Bg2 0-0 5. 0-0 d5 6. Na3 c6 7. d3 Bf5 8. Bf4 Nbd7 9. Qd2 Re8 10. Bh6 e5 11. Bxg7 Kxg7 12. cxd5 cxd5 13. Qb4 Nb6 14. Nb5 Qe7 15. Nd6 Kg8 16. a3 a5 17. Qxb6 Ra6 18. Nxf5 gxf5 19. Qb5 1-0

[Event "CZE-chT2A 1920"]
[Site "Czech Republic"]
[Date "2020.02.09"]
[Round "8.3"]
[White "Hruby, Milan"]
[Black "Znamenacek, Kvetoslav"]
[Result "0-1"]
[WhiteElo "1991"]
[BlackElo "2164"]
[PlyCount "58"]
[EventDate "2019.10.13"]
[EventType "team-tourn"]
[EventRounds "11"]
[EventCountry "CZE"]
[SourceTitle "EXT 2024"]
[Source "ChessBase"]
[SourceDate "2023.10.10"]
[SourceVersion "1"]
[SourceVersionDate "2023.10.10"]
[SourceQuality "1"]
[WhiteTeam "Tabor"]
[BlackTeam "Praha Bohemians"]
[WhiteTeamCountry "CZE"]
[BlackTeamCountry "CZE"]

1. d4 Nf6 2. c4 e6 3. Nc3 Bb4 4. e3 c5 5. Nge2 d6 6. a3 Ba5 7. Bd2 0-0 8. d5 exd5 9. cxd5 a6 10. Ng3 Nbd7 11. Be2 Re8 12. 0-0 Rb8 13. Rb1 b5 14. b4 Bb6 15. Bc1 Ne5 16. Bb2 Bg4 17. Bxg4 Nfxg4 18. Nce4 cxb4 19. axb4 Qh4 20. h3 Nxf2 21. Rxf2 Bxe3 22. Kf1 Bxf2 23. Kxf2 Nc4 24. Qf3 Nxb2 25. Rxb2 f5 26. Nxd6 Qd4+ 27. Kf1 Qxb2 28. Nxe8 Qb1+ 29. Kf2 Rxe8 0-1

[Event "CZE-chT2A 1920"]
[Site "Czech Republic"]
[Date "2020.01.26"]
[Round "7.5"]
[White "Znamenacek, Kvetoslav"]
[Black "Hosticka, Frantisek"]
[Result "1-0"]
[WhiteElo "2164"]
[BlackElo "2096"]
[PlyCount "52"]
[EventDate "2019.10.13"]
[EventType "team-tourn"]
[EventRounds "11"]
[EventCountry "CZE"]
[SourceTitle "EXT 2024"]
[Source "ChessBase"]
[SourceDate "2023.10.10"]
[SourceVersion "1"]
[SourceVersionDate "2023.10.10"]
[SourceQuality "1"]
[WhiteTeam "Praha Bohemians"]
[BlackTeam "Praha Mahrla"]
[WhiteTeamCountry "CZE"]
[BlackTeamCountry "CZE"]

1. Nf3 b5 2. e4 b4 3. a3 c5 4. axb4 cxb4 5. d4 Bb7 6. Bd3 Nf6 7. e5 Nd5 8. 0-0 h6 9. c4 bxc3 10. bxc3 e6 11. Qe2 Qc7 12. Bd2 Be7 13. Rc1 Nc6 14. Na3 Nb6 15. Nb5 Qc8 16. Rcb1 a6 17. Nd6+ Bxd6 18. exd6 Nd5 19. c4 Nf6 20. d5 Nd8 21. Bc3 Nxd5 22. Bxg7 Nf4 23. Qe5 Rg8 24. Qxf4 Bxf3 25. Qxf3 Rxg7 26. Qf6 Rxg2+ 1-0

[Event "CZE-chT2A 1920"]
[Site "Czech Republic"]
[Date "2020.01.12"]
[Round "6.5"]
[White "Klima, Matej"]
[Black "Znamenacek, Kvetoslav"]
[Result "1/2-1/2"]
[WhiteElo "2035"]
[BlackElo "2164"]
[PlyCount "71"]
[EventDate "2019.10.13"]
[EventType "team-tourn"]
[EventRounds "11"]
[EventCountry "CZE"]
[SourceTitle "EXT 2024"]
[Source "ChessBase"]
[SourceDate "2023.10.10"]
[SourceVersion "1"]
[SourceVersionDate "2023.10.10"]
[SourceQuality "1"]
[WhiteTeam "Unichess Reserve"]
[BlackTeam "Praha Bohemians"]
[WhiteTeamCountry "CZE"]
[BlackTeamCountry "CZE"]

1. e4 c5 2. Nc3 g6 3. f4 Bg7 4. Nf3 d6 5. Bb5+ Bd7 6. Bxd7+ Qxd7 7. 0-0 Nc6 8. d3 Nf6 9. Qe1 0-0 10. h3 Nd4 11. Nxd4 cxd4 12. Ne2 e5 13. c3 dxc3 14. Nxc3 Rac8 15. Qh4 exf4 16. Bxf4 Nh5 17. Bd2 Bd4+ 18. Kh1 Qd8 19. Qg4 Be5 20. Rf3 f5 21. exf5 Rxf5 22. Rxf5 Ng3+ 23. Qxg3 Bxg3 24. Rf3 Be5 25. Raf1 d5 26. Bh6 Bg7 27. Bxg7 Kxg7 28. Rf7+ Kh6 29. Rxb7 Rc7 30. Rb5 Rd7 31. Rb4 Qe7 32. Rbf4 Qe3 33. R4f3 Qe5 34. R1f2 Qe1+ 35. Rf1 Qe5 36. R1f2 1/2-1/2

[Event "CZE-chT2A 1920"]
[Site "Czech Republic"]
[Date "2019.12.15"]
[Round "5.4"]
[White "Znamenacek, Kvetoslav"]
[Black "Simet, Martin"]
[Result "1/2-1/2"]
[WhiteElo "2164"]
[BlackElo "2218"]
[PlyCount "48"]
[EventDate "2019.10.13"]
[EventType "team-tourn"]
[EventRounds "11"]
[EventCountry "CZE"]
[SourceTitle "EXT 2024"]
[Source "ChessBase"]
[SourceDate "2023.10.10"]
[SourceVersion "1"]
[SourceVersionDate "2023.10.10"]
[SourceQuality "1"]
[WhiteTeam "Praha Bohemians"]
[BlackTeam "Klatovy"]
[WhiteTeamCountry "CZE"]
[BlackTeamCountry "CZE"]

1. Nf3 Nf6 2. c4 g6 3. b3 Bg7 4. Bb2 d6 5. d3 e5 6. e4 0-0 7. Nc3 Nbd7 8. g3 Nc5 9. Bg2 a5 10. a3 Bg4 11. h3 Bd7 12. 0-0 c6 13. Rb1 Re8 14. b4 Ne6 15. Ne2 h6 16. Bc3 axb4 17. axb4 Nh7 18. Ra1 Nhg5 19. Nxg5 hxg5 20. Rxa8 Qxa8 21. Qa1 Nc7 22. Kh2 Qxa1 23. Rxa1 Ra8 24. Rxa8+ Nxa8 1/2-1/2

[Event "CZE-chT2A 1920"]
[Site "Czech Republic"]
[Date "2019.11.03"]
[Round "2.7"]
[White "Znamenacek, Kvetoslav"]
[Black "Tochor, Jiri"]
[Result "1/2-1/2"]
[WhiteElo "2164"]
[BlackElo "2008"]
[PlyCount "84"]
[EventDate "2019.10.13"]
[EventType "team-tourn"]
[EventRounds "11"]
[EventCountry "CZE"]
[SourceTitle "EXT 2024"]
[Source "ChessBase"]
[SourceDate "2023.10.10"]
[SourceVersion "1"]
[SourceVersionDate "2023.10.10"]
[SourceQuality "1"]
[WhiteTeam "Praha Bohemians"]
[BlackTeam "Domazlice"]
[WhiteTeamCountry "CZE"]
[BlackTeamCountry "CZE"]

1. Nf3 c5 2. c4 Nc6 3. Nc3 g6 4. e3 Bg7 5. d4 d6 6. d5 Ne5 7. Nxe5 Bxe5 8. Qc2 Bg7 9. Be2 Nf6 10. 0-0 0-0 11. Rd1 a6 12. a4 Re8 13. e4 Qc7 14. Bf4 Nd7 15. Ra3 Ne5 16. h3 f6 17. Bg3 Nf7 18. Bf1 f5 19. Bd3 fxe4 20. Bxe4 Rf8 21. Ne2 Nh6 22. f3 Bf5 23. Re3 Rae8 24. Bf2 Bd7 25. b3 Nf5 26. Red3 Bf6 27. Qd2 Rf7 28. g4 Ng7 29. Kg2 Ref8 30. Bg3 Ne8 31. Rh1 Bg7 32. f4 Nf6 33. Bf3 h5 34. g5 Ne8 35. Be4 Bf5 36. Qe3 Qd7 37. Qf3 Nc7 38. Re3 b5 39. axb5 axb5 40. Bxf5 Qxf5 41. Qe4 Qxe4+ 42. Rxe4 Ra8 1/2-1/2

[Event "CZE-chT2A 1819"]
[Site "Czech Republic"]
[Date "2018.12.02"]
[Round "4.5"]
[White "Znamenacek, Kvetoslav"]
[Black "Moravec, Vit"]
[Result "0-1"]
[WhiteElo "2189"]
[BlackElo "2183"]
[PlyCount "72"]
[EventDate "2018.10.14"]
[EventType "team-tourn"]
[EventRounds "11"]
[EventCountry "CZE"]
[SourceTitle "EXT 2022"]
[Source "ChessBase"]
[SourceDate "2021.10.06"]
[SourceVersion "1"]
[SourceVersionDate "2021.10.06"]
[SourceQuality "1"]
[WhiteTeam "Praha Bohemians"]
[BlackTeam "Vlasim"]
[WhiteTeamCountry "CZE"]
[BlackTeamCountry "CZE"]

1. Nf3 Nf6 2. c4 g6 3. g3 Bg7 4. Bg2 0-0 5. 0-0 c5 6. Nc3 Nc6 7. d4 cxd4 8. Nxd4 d6 9. Nc2 Bd7 10. Bd2 Rb8 11. Rb1 a6 12. a4 Re8 13. h3 Qc7 14. b3 Na7 15. Be3 b5 16. Nb4 Qa5 17. Bxa7 Qxb4 18. Bxb8 Qxc3 19. Ba7 bxa4 20. Bd4 Qb4 21. Qe1 Qxe1 22. Rfxe1 axb3 23. Rxb3 Be6 24. Rc1 Nd7 25. Bxg7 Kxg7 26. h4 Nc5 27. Ra3 Rb8 28. Kh2 Rb2 29. Bf1 h5 30. Kg1 Bg4 31. f3 Bd7 32. Kf2 a5 33. Rxa5 Nd3+ 34. Kg1 Nxc1 35. Ra7 Be6 36. Rxe7 Nxe2+ 0-1

[Event "CZE-chT2A 1819"]
[Site "Czech Republic"]
[Date "2018.11.18"]
[Round "3.5"]
[White "Bartos, Jan"]
[Black "Znamenacek, Kvetoslav"]
[Result "1-0"]
[WhiteElo "2216"]
[BlackElo "2189"]
[PlyCount "60"]
[EventDate "2018.10.14"]
[EventType "team-tourn"]
[EventRounds "11"]
[EventCountry "CZE"]
[SourceTitle "EXT 2022"]
[Source "ChessBase"]
[SourceDate "2021.10.06"]
[SourceVersion "1"]
[SourceVersionDate "2021.10.06"]
[SourceQuality "1"]
[WhiteTeam "Unichess Underground"]
[BlackTeam "Praha Bohemians"]
[WhiteTeamCountry "CZE"]
[BlackTeamCountry "CZE"]

1. d4 Nf6 2. c4 e6 3. Nf3 Bb4+ 4. Bd2 Qe7 5. g3 Nc6 6. Nc3 0-0 7. Bg2 Bxc3 8. Bxc3 Ne4 9. Rc1 Rb8 10. d5 Qc5 11. 0-0 Nxc3 12. Rxc3 Ne7 13. Qd3 Ng6 14. h4 h6 15. h5 Ne7 16. Nd4 a6 17. Nb3 Qa7 18. d6 cxd6 19. Qxd6 Nc6 20. g4 f6 21. Be4 b6 22. f4 Nd8 23. Bb1 Bb7 24. Qxd7 Rf7 25. Qe8+ Rf8 26. Bh7+ Kxh7 27. Qxf8 Ba8 28. g5 hxg5 29. fxg5 fxg5 30. Qe8 Bc6 1-0

[Event "CZE-chT2A 1819"]
[Site "Czech Republic"]
[Date "2018.10.14"]
[Round "1.5"]
[White "Stinka, Jakub"]
[Black "Znamenacek, Kvetoslav"]
[Result "1/2-1/2"]
[WhiteElo "2086"]
[BlackElo "2189"]
[PlyCount "79"]
[EventDate "2018.10.14"]
[EventType "team-tourn"]
[EventRounds "11"]
[EventCountry "CZE"]
[SourceTitle "EXT 2022"]
[Source "ChessBase"]
[SourceDate "2021.10.06"]
[SourceVersion "1"]
[SourceVersionDate "2021.10.06"]
[SourceQuality "1"]
[WhiteTeam "Pisek"]
[BlackTeam "Praha Bohemians"]
[WhiteTeamCountry "CZE"]
[BlackTeamCountry "CZE"]

1. d4 Nf6 2. c4 e6 3. Nc3 Bb4 4. Qc2 0-0 5. a3 Bxc3+ 6. Qxc3 d6 7. f3 c5 8. dxc5 dxc5 9. e4 Nc6 10. Be3 Nd4 11. e5 Nd7 12. Bxd4 cxd4 13. Qxd4 Qa5+ 14. b4 Qxe5+ 15. Ne2 a5 16. Rb1 axb4 17. axb4 Ra3 18. Qxe5 Nxe5 19. Nd4 g6 20. Be2 Nd3+ 21. Bxd3 Rxd3 22. Nb5 e5 23. Ke2 Rfd8 24. Rbd1 Rxd1 25. Rxd1 Rxd1 26. Kxd1 Kf8 27. c5 Be6 28. Kd2 Ke7 29. Kd3 f5 30. Nc3 Kd7 31. b5 g5 32. g3 h6 33. Ke3 Bc4 34. f4 gxf4+ 35. gxf4 Ke6 36. Kf3 Bd3 37. Ke3 Bc4 38. Kf3 Bd3 39. Ke3 Bc4 40. Kf3 1/2-1/2

[Event "CZE-chT1W 1718"]
[Site "Czech Republic"]
[Date "2018.02.18"]
[Round "8.2"]
[White "Postupa, Pavel"]
[Black "Znamenacek, Kvetoslav"]
[Result "0-1"]
[WhiteElo "1968"]
[BlackElo "2233"]
[PlyCount "108"]
[EventDate "2017.10.29"]
[EventType "team-tourn"]
[EventRounds "11"]
[EventCountry "CZE"]
[SourceTitle "EXT 2019"]
[Source "ChessBase"]
[SourceDate "2018.10.10"]
[SourceVersion "1"]
[SourceVersionDate "2018.10.10"]
[SourceQuality "1"]
[WhiteTeam "Lysa nad Labem III"]
[BlackTeam "Praha Bohemians"]
[WhiteTeamCountry "CZE"]
[BlackTeamCountry "CZE"]

1. e4 c5 2. Nf3 Nc6 3. d4 cxd4 4. Nxd4 g6 5. Nc3 Bg7 6. Be3 Nf6 7. Be2 0-0 8. 0-0 d6 9. h3 Bd7 10. g4 Nxd4 11. Bxd4 Bc6 12. Bf3 Nd7 13. Bxg7 Kxg7 14. Bg2 Qb6 15. b3 Rac8 16. Ne2 Nf6 17. Qd3 Qc5 18. a4 h5 19. gxh5 Qxh5 20. Nf4 Qc5 21. c4 e5 22. Ne2 Rh8 23. Rad1 Rh4 24. Nc3 Qb4 25. Nd5 Bxd5 26. exd5 Nh5 27. Rfe1 Rh8 28. Re3 Nf4 29. Qd2 Qxd2 30. Rxd2 Nxh3+ 31. Bxh3 Rxh3 32. Rxh3 Rxh3 33. b4 b6 34. c5 bxc5 35. bxc5 dxc5 36. d6 Rh8 37. Rd5 Kf6 38. Rxc5 Rd8 39. Rc7 Rxd6 40. Rxa7 Rd4 41. a5 Ra4 42. a6 g5 43. Kf1 Ra2 44. Kg1 g4 45. Kg2 Ra3 46. Kh2 Kg6 47. Re7 Kf6 48. Ra7 Ke6 49. Kg2 f5 50. Ra8 Kd5 51. Rf8 Ke4 52. Rf6 Ra2 53. Rg6 Kf4 54. Rb6 g3 0-1

[Event "CZE-chT1W 1718"]
[Site "Czech Republic"]
[Date "2018.01.21"]
[Round "6.3"]
[White "Korenova, Martina"]
[Black "Znamenacek, Kvetoslav"]
[Result "1/2-1/2"]
[WhiteElo "2169"]
[BlackElo "2233"]
[PlyCount "107"]
[EventDate "2017.10.29"]
[EventType "team-tourn"]
[EventRounds "11"]
[EventCountry "CZE"]
[SourceTitle "EXT 2019"]
[Source "ChessBase"]
[SourceDate "2018.10.10"]
[SourceVersion "1"]
[SourceVersionDate "2018.10.10"]
[SourceQuality "1"]
[WhiteTeam "Praha Oaza"]
[BlackTeam "Praha Bohemians"]
[WhiteTeamCountry "CZE"]
[BlackTeamCountry "CZE"]

1. e4 c5 2. Nf3 g6 3. Bc4 Bg7 4. 0-0 Nc6 5. c3 Qb6 6. Qb3 Qxb3 7. Bxb3 d6 8. Na3 Nf6 9. d3 0-0 10. Nc4 Bg4 11. Be3 Nd7 12. Ncd2 h6 13. d4 g5 14. h3 Bh5 15. Rfe1 Rac8 16. Rac1 b5 17. Bc2 Rc7 18. g4 Bg6 19. dxc5 dxc5 20. h4 Nce5 21. hxg5 Nxg4 22. gxh6 Bxh6 23. Bxh6 Nxh6 24. e5 Kg7 25. Bxg6 fxg6 26. Ng5 Rc6 27. e6 Nf6 28. Ndf3 Nh7 29. Rcd1 Nxg5 30. Nxg5 Rf5 31. Nh3 Ng4 32. f4 Kf6 33. Rd7 Rxe6 34. Rxe6+ Kxe6 35. Rxa7 Rd5 36. Ng5+ Kf5 37. Rxe7 Kxf4 38. Nh3+ Kg3 39. Nf2 g5 40. Nh1+ Kf3 41. Rf7+ Ke3 42. Kg2 Kd2 43. Kg3 Ne3 44. Kf3 Nc4 45. Rb7 Nxb2 46. Rxb5 Kxc3 47. Ng3 Nd3 48. a4 Kc4 49. Kg4 Nf2+ 50. Kf3 Nd1 51. Ne4 Rf5+ 52. Kg3 Kd4 53. Nxc5 Rxc5 54. Rxc5 1/2-1/2

[Event "CZE-chT1W 1718"]
[Site "Czech Republic"]
[Date "2017.10.29"]
[Round "1.2"]
[White "Znamenacek, Kvetoslav"]
[Black "Cuhra, Martin"]
[Result "1/2-1/2"]
[WhiteElo "2233"]
[BlackElo "2225"]
[PlyCount "52"]
[EventDate "2017.10.29"]
[EventType "team-tourn"]
[EventRounds "11"]
[EventCountry "CZE"]
[SourceTitle "CBM 181 Extra"]
[Source "ChessBase"]
[SourceDate "2017.12.12"]
[SourceVersion "1"]
[SourceVersionDate "2017.12.12"]
[SourceQuality "1"]
[WhiteTeam "Praha Bohemians"]
[BlackTeam "Ceske Budejovice"]
[WhiteTeamCountry "CZE"]
[BlackTeamCountry "CZE"]

1. Nf3 c5 2. c4 Nc6 3. g3 g6 4. Bg2 Bg7 5. 0-0 Nf6 6. Nc3 0-0 7. d4 cxd4 8. Nxd4 d6 9. Nc2 Rb8 10. Rb1 Bf5 11. e4 Be6 12. Qe2 a6 13. Rd1 Qa5 14. b4 Qh5 15. Qxh5 Nxh5 16. Nd5 b5 17. c5 dxc5 18. bxc5 Rfc8 19. Be3 Kf8 20. f4 Nf6 21. h3 a5 22. a3 Nd7 23. Rdc1 Nd8 24. Ne1 Nc6 25. Nc2 Nd8 26. Ne1 Nc6 1/2-1/2

[Event "CZE-chT1W 1617"]
[Site "Czech Republic"]
[Date "2017.02.05"]
[Round "7.4"]
[White "Znamenacek, Kvetoslav"]
[Black "Cuhra, Martin"]
[Result "1/2-1/2"]
[WhiteElo "2261"]
[BlackElo "2180"]
[PlyCount "42"]
[EventDate "2016.10.16"]
[EventType "team-tourn"]
[EventRounds "11"]
[EventCountry "CZE"]
[SourceTitle "CBM 177 Extra"]
[Source "ChessBase"]
[SourceDate "2017.04.27"]
[SourceVersion "1"]
[SourceVersionDate "2017.04.27"]
[SourceQuality "1"]
[WhiteTeam "Praha Bohemians"]
[BlackTeam "Ceske Budejovice"]
[WhiteTeamCountry "CZE"]
[BlackTeamCountry "CZE"]

1. Nf3 g6 2. e4 c5 3. d4 cxd4 4. Nxd4 Bg7 5. c4 Nc6 6. Be3 Nf6 7. Nc3 Ng4 8. Qxg4 Nxd4 9. Qd1 Ne6 10. Rc1 d6 11. Qd2 0-0 12. Bd3 Bd7 13. 0-0 a5 14. Rfd1 Bc6 15. f3 Nc5 16. Bc2 Qb6 17. Rb1 Rfc8 18. Na4 Bxa4 19. Bxa4 Qb4 20. Bb5 Qxd2 21. Rxd2 a4 1/2-1/2

[Event "CZE-chT1W 1617"]
[Site "Czech Republic"]
[Date "2017.01.08"]
[Round "5.3"]
[White "Znamenacek, Kvetoslav"]
[Black "Pesout, Jan"]
[Result "1/2-1/2"]
[WhiteElo "2261"]
[BlackElo "2217"]
[PlyCount "84"]
[EventDate "2016.10.16"]
[EventType "team-tourn"]
[EventRounds "11"]
[EventCountry "CZE"]
[SourceTitle "CBM 177 Extra"]
[Source "ChessBase"]
[SourceDate "2017.04.27"]
[SourceVersion "1"]
[SourceVersionDate "2017.04.27"]
[SourceQuality "1"]
[WhiteTeam "Praha Bohemians"]
[BlackTeam "Pankrac"]
[WhiteTeamCountry "CZE"]
[BlackTeamCountry "CZE"]

1. Nf3 c5 2. c4 Nc6 3. Nc3 g6 4. e3 Bg7 5. d4 d6 6. d5 Ne5 7. Nxe5 Bxe5 8. Qc2 Bg7 9. Bd3 Nf6 10. 0-0 0-0 11. e4 a6 12. Bg5 Ng4 13. h3 Ne5 14. Be2 f5 15. exf5 Bxf5 16. Qd2 Nf7 17. Be3 Rb8 18. a4 b6 19. Rad1 Bd7 20. Rfe1 Re8 21. b3 b5 22. axb5 Qa5 23. Rc1 Bxc3 24. Rxc3 axb5 25. Bf4 bxc4 26. bxc4 e5 27. dxe6 Rxe6 28. Rec1 Qc7 29. Bf3 Bc6 30. Bd5 Rf6 31. Bg3 Bxd5 32. Qxd5 Qb7 33. Qd2 Re6 34. Re3 Rbe8 35. Rce1 Rxe3 36. Rxe3 Rxe3 37. Qxe3 Kf8 38. Kh2 Qd7 39. Qf3 Qe6 40. Qc3 Qe4 41. Qf6 Qe7 42. Qf3 Qe6 1/2-1/2

[Event "CZE-chT1W 1617"]
[Site "Czech Republic"]
[Date "2016.10.16"]
[Round "1.1"]
[White "Jandourek, Lukas"]
[Black "Znamenacek, Kvetoslav"]
[Result "1-0"]
[WhiteElo "2224"]
[BlackElo "2261"]
[PlyCount "93"]
[EventDate "2016.10.16"]
[EventType "team-tourn"]
[EventRounds "11"]
[EventCountry "CZE"]
[SourceTitle "CBM 175 Extra"]
[Source "ChessBase"]
[SourceDate "2016.12.12"]
[SourceVersion "1"]
[SourceVersionDate "2016.12.12"]
[SourceQuality "1"]
[WhiteTeam "Neratovice"]
[BlackTeam "Praha Bohemians"]
[WhiteTeamCountry "CZE"]
[BlackTeamCountry "CZE"]

1. e4 c5 2. f4 Nc6 3. Nf3 g6 4. Bb5 Bg7 5. Bxc6 dxc6 6. d3 Nf6 7. c4 0-0 8. 0-0 b6 9. Nc3 a5 10. h3 Ne8 11. Qc2 Nc7 12. Ne2 Ne6 13. Be3 f5 14. e5 Qc7 15. h4 Bd7 16. Rfd1 Rad8 17. Ng5 Nxg5 18. hxg5 h6 19. gxh6 Bxh6 20. Kf2 Kf7 21. Rh1 Rh8 22. Rh2 Bg7 23. Rah1 g5 24. g3 Qc8 25. Ng1 g4 26. Qb3 Qa6 27. Rxh8 Rxh8 28. Rxh8 Bxh8 29. Ne2 Be6 30. Qd1 Qc8 31. Nc3 Bg7 32. Qh1 Kf8 33. b3 Bf7 34. Na4 Qc7 35. Qh7 e6 36. Nxc5 Qe7 37. Na4 Bg8 38. Qh1 Qa3 39. Qb1 Kf7 40. Nxb6 Bf8 41. Na4 Kg7 42. Qb2 Qb4 43. Qd2 Qa3 44. Bb6 Bf7 45. c5 Be8 46. d4 Bd7 47. Bxa5 1-0

[Event "CZE-chT2C 1516"]
[Site "Czech Republic"]
[Date "2016.04.17"]
[Round "11.4"]
[White "Znamenacek, Kvetoslav"]
[Black "Meszaros, Ludek"]
[Result "1/2-1/2"]
[WhiteElo "2254"]
[BlackElo "2117"]
[PlyCount "110"]
[EventDate "2015.10.18"]
[EventType "team-tourn"]
[EventRounds "11"]
[EventCountry "CZE"]
[SourceTitle "EXT 2022"]
[Source "ChessBase"]
[SourceDate "2021.10.06"]
[SourceVersion "1"]
[SourceVersionDate "2021.10.06"]
[SourceQuality "1"]
[WhiteTeam "Praha Bohemians"]
[BlackTeam "Tabor"]
[WhiteTeamCountry "CZE"]
[BlackTeamCountry "CZE"]

1. Nf3 Nf6 2. c4 g6 3. g3 Bg7 4. Bg2 0-0 5. 0-0 d6 6. Nc3 Nc6 7. Rb1 e5 8. b4 Bf5 9. d3 Qd7 10. Re1 e4 11. b5 exf3 12. bxc6 bxc6 13. Bxf3 Bg4 14. Bh1 a5 15. Bd2 d5 16. Qa4 d4 17. Ne4 Nxe4 18. Bxe4 Ra6 19. Bf4 Re8 20. Rb7 Be5 21. Bd2 Kg7 22. Qa3 Bf6 23. Qc1 h5 24. c5 Be6 25. Bh6+ Kh7 26. Bf4 Bd8 27. Qb2 f5 28. Bg2 g5 29. Be5 Kg6 30. Bxd4 Bxa2 31. Bc3 Bg8 32. Ra1 a4 33. Bf1 Ra8 34. Rb4 Be7 35. d4 Bb3 36. e3 Qe6 37. Bd3 Reb8 38. Raxa4 Rxa4 39. Rxb8 Bc4 40. Bxc4 Rxc4 41. Qb3 Qd5 42. f3 Bf6 43. Kf2 g4 44. fxg4 hxg4 45. Ke1 Qh1+ 46. Kd2 Qg2+ 47. Kd3 Qf1+ 48. Kc2 Qe2+ 49. Kb1 Qd3+ 50. Kb2 Qe2+ 51. Ka3 Qd3 52. Bb2 Qe2 53. Rg8+ Kh6 54. Rf8 Kg6 55. Rg8+ Kh6 1/2-1/2

[Event "CZE-chT2C 1516"]
[Site "Czech Republic"]
[Date "2016.02.21"]
[Round "8.3"]
[White "Znamenacek, Kvetoslav"]
[Black "Munk, Petr"]
[Result "1/2-1/2"]
[WhiteElo "2254"]
[BlackElo "2134"]
[PlyCount "120"]
[EventDate "2015.10.18"]
[EventType "team-tourn"]
[EventRounds "11"]
[EventCountry "CZE"]
[SourceTitle "EXT 2022"]
[Source "ChessBase"]
[SourceDate "2021.10.06"]
[SourceVersion "1"]
[SourceVersionDate "2021.10.06"]
[SourceQuality "1"]
[WhiteTeam "Praha Bohemians"]
[BlackTeam "Lysa nad Labem IV"]
[WhiteTeamCountry "CZE"]
[BlackTeamCountry "CZE"]

1. Nf3 c5 2. c4 Nc6 3. Nc3 g6 4. e3 Nf6 5. d4 cxd4 6. exd4 d5 7. Bg5 Ne4 8. cxd5 Nxc3 9. bxc3 Qxd5 10. Be2 Bg7 11. 0-0 Na5 12. Qa4+ Bd7 13. Qb4 0-0 14. Rfe1 Rfc8 15. Rac1 e6 16. c4 Qf5 17. Qd2 Nc6 18. d5 Nd4 19. Nxd4 Bxd4 20. Qxd4 Qxg5 21. h4 Qh6 22. Rb1 b6 23. Bf3 Rab8 24. h5 Qg7 25. Qf4 Qf8 26. Bg4 Rc5 27. hxg6 hxg6 28. dxe6 fxe6 29. Qxf8+ Kxf8 30. Bxe6 Bxe6 31. Rxe6 Kf7 32. Re4 Rbc8 33. Rd1 R5c7 34. Rd6 Rc6 35. Rd7+ Kf6 36. Rxa7 Rxc4 37. Rxc4 Rxc4 38. Rb7 Rb4 39. Kh2 Rb2 40. Kg3 Rxa2 41. Rxb6+ Kg7 42. f4 Ra5 43. Kg4 Rc5 44. g3 Ra5 45. Re6 Kf7 46. Re5 Ra3 47. Rb5 Rc3 48. Kh4 Kf6 49. g4 Rc6 50. Rb7 g5+ 51. fxg5+ Kg6 52. Rb1 Ra6 53. Rf1 Ra3 54. Rf6+ Kg7 55. Re6 Rb3 56. g6 Kh6 57. g7+ Kxg7 58. Kh5 Rb5+ 59. g5 Rb7 60. Kg4 Rb1 1/2-1/2

[Event "CZE-chT2C 1516"]
[Site "Czech Republic"]
[Date "2016.02.07"]
[Round "7.3"]
[White "Znamenacek, Kvetoslav"]
[Black "Srba, Milan"]
[Result "1/2-1/2"]
[WhiteElo "2254"]
[BlackElo "2203"]
[PlyCount "67"]
[EventDate "2015.10.18"]
[EventType "team-tourn"]
[EventRounds "11"]
[EventCountry "CZE"]
[SourceTitle "EXT 2022"]
[Source "ChessBase"]
[SourceDate "2021.10.06"]
[SourceVersion "1"]
[SourceVersionDate "2021.10.06"]
[SourceQuality "1"]
[WhiteTeam "Praha Bohemians"]
[BlackTeam "Praha Vrsovice"]
[WhiteTeamCountry "CZE"]
[BlackTeamCountry "CZE"]

1. Nf3 d5 2. c4 d4 3. e3 c5 4. exd4 cxd4 5. g3 Nc6 6. Bg2 g6 7. d3 Bg7 8. 0-0 Nf6 9. Na3 0-0 10. Nc2 a5 11. b3 e5 12. Ba3 Re8 13. Nd2 Bg4 14. f3 Bf5 15. Ne4 Bxe4 16. fxe4 Qd7 17. Qf3 Qg4 18. Qf2 Qe6 19. Rad1 Nd7 20. Qd2 Bf8 21. Bxf8 Rxf8 22. Qh6 Nc5 23. Bh3 Qe7 24. Rf2 Ra6 25. Qd2 Kg7 26. Rdf1 f6 27. Rb1 Rb6 28. Rbf1 Qd6 29. Bg4 Nb4 30. Nxb4 axb4 31. Rb1 Ra6 32. Rb2 b6 33. Bh3 Ra7 34. Rb1 1/2-1/2

[Event "CZE-chT2C 1516"]
[Site "Czech Republic"]
[Date "2015.12.06"]
[Round "4.5"]
[White "Grill, Roman"]
[Black "Znamenacek, Kvetoslav"]
[Result "1/2-1/2"]
[WhiteElo "2095"]
[BlackElo "2254"]
[PlyCount "70"]
[EventDate "2015.10.18"]
[EventType "team-tourn"]
[EventRounds "11"]
[EventCountry "CZE"]
[SourceTitle "EXT 2022"]
[Source "ChessBase"]
[SourceDate "2021.10.06"]
[SourceVersion "1"]
[SourceVersionDate "2021.10.06"]
[SourceQuality "1"]
[WhiteTeam "Pisek"]
[BlackTeam "Praha Bohemians"]
[WhiteTeamCountry "CZE"]
[BlackTeamCountry "CZE"]

1. c4 c5 2. Nc3 Nf6 3. g3 g6 4. Bg2 Bg7 5. Nf3 0-0 6. 0-0 Nc6 7. a3 d6 8. Rb1 a5 9. d3 Bd7 10. Bd2 Ne8 11. Nb5 Nc7 12. Bc3 Rb8 13. Bxg7 Kxg7 14. Nxc7 Qxc7 15. e3 e5 16. Nd2 f5 17. f4 Rbe8 18. Qf3 Rf7 19. Qf2 Rfe7 20. Rfe1 b6 21. Bd5 Be6 22. Bxe6 Rxe6 23. Nf3 h6 24. d4 exd4 25. exd4 Rxe1+ 26. Rxe1 Rxe1+ 27. Qxe1 Nxd4 28. Nxd4 cxd4 29. Qe6 h5 30. Qd5 Qc5 31. h4 d3+ 32. Qxc5 bxc5 33. Kf2 Kf6 34. Ke3 Ke6 35. a4 Kd7 1/2-1/2